LEADER 01327nam a2200289 a 4500 001 000000128615 003 CaOOAMICUS 005 20120427102944.0 008 120427s2008 ve u000 u spa r 020 $a978-980-263-416-3 040 $aPUL$bita 082 04$a180 100 1 $aBazó Canelón, Abelardo.$0(OLS)http://pul/name/53831 245 10$aSer temporal y Dios eterno en el pensamiento de Tomás de Aquino :$buna aproximación filosófica /$cAbelardo Bazó ; prólogo Juan José Sanguineti. 260 $aCaracas :$bLuis Felipe Capriles,$c2008. 300 $a483 p. ;$c22 cm 504 $aBibliografia in nota. 600 04$aThomas Aquinas,$cs.,$dc. 1225-1274$xMetafisica.$0(OLS)http://pul/subject/4817 700 1 $aSanguineti, Juan José.$0(OLS)http://pul/name/38659 850 $aPUL 852 $aPUL$W1$xDP2 Filosofia 3$y112$m180 BAZAB 1$j148974$qDDC 21$B147488$CPULBib$Z2$F147488 $H119076 $82 941 1 $a9 996 $6020$a978-980-263-416-3$9(OLS)http://pul/number/149547 996 $6082$a180$9(OLS)http://pul/classification/366 996 $6245$aSer temporal y Dios eterno en el pensamiento de Tomás de Aquino :$buna aproximación filosófica$9(OLS)http://pul/title/162532 996 $6260$aCaracas :$bLuis Felipe Capriles$9(OLS)http://pul/publisher/81970 LEADER 01159nam a2200277 u 4500 001 000000014227 003 CaOOAMICUS 005 20070226105735.0 008 940517s1988 it u000 u ita u 035 $a10337909 040 $aPUL$bita 100 1 $aInnocenti, Ennio.$0(OLS)http://pul/name/13236 245 10$aCritica alla psicoanalisi /$cEnnio Innocenti ; con un'appendice del neuropsichiatra Giuseppe Vattuone. 250 $a3. ed. integrata. 260 $a[Roma] :$bSacra Fraternitas Aurigarum in Urbe,$c1988. 300 $a179 p. ;$c24 cm 504 $aContiene bibliografia. 600 14$aFreud, Sigmund,$d1856-1939.$0(OLS)http://pul/subject/7812 650 4$aPsicanalisi.$0(OLS)http://pul/subject/1791 700 1 $aVattuone, Giuseppe.$0(OLS)http://pul/name/13237 850 $aPUL 852 $aPUL$W1$xDP1 Fondo Pastorale$y55$mP17 E 2$j20004$nBK-PRI$b $qFondi$B20004$CPULBib$Z2$F20004 $HPUL61944 $81 941 1 $a1 960 $aPsicoanalisi$91791 996 $6245$aCritica alla psicoanalisi$9(OLS)http://pul/title/20484 996 $6260$a[Roma] :$bSacra Fraternitas Aurigarum in Urbe$9(OLS)http://pul/publisher/54296 LEADER 01143nam a2200277 a 4500 001 000000168310 003 CaOOAMICUS 005 20180618102327.0 008 180618s1990 it u000 u ita r 020 $a88-7078-128-3* 032 $aLibriCat 040 $aPUL$bita 245 03$aIl cambiamento nei contesti non terapeutici /$ca cura di Stefano Cirillo. 260 $aMilano :$bR. Cortina,$c1990. 300 $aXV, 152 p. ;$c23 cm. 490 1 $aCollana di psicologia clinica e psicoterapia ;$v31 650 4$aPsicoterapia.$0(OLS)http://pul/subject/7249 700 1 $aCirillo, Stefano.$0(OLS)http://pul/name/34443 830 0$aCollana di psicologia clinica e psicoterapia ;$v31.$0(OLS)http://pul/title/12189 850 $aPUL 852 $aPUL$W1$xDP1 Fondo Dalla Palma$y117$m7 A 53$j158767$qFondi$B196205$CPULBib$Z2$F196205 $HDal3018 $81 941 1 $a1 996 $6020$a88-7078-128-3*$9(OLS)http://pul/number/164360 996 $6245$aIl cambiamento nei contesti non terapeutici$9(OLS)http://pul/title/208605 996 $6260$aMilano :$bR. Cortina$9(OLS)http://pul/publisher/52064